000 00492nam a2200169Ia 4500
003 OSt
005 20201110114710.0
008 190216s9999||||xx |||||||||||||| ||und||
040 _coclc
082 _a822.1208
_bLIT/S
100 _aLittlewood, S R
_95093
245 0 _aShort Modern Plays /
_cS R Littlewood
260 _bMac Millian And Com. Ltd,
_c1954.
_aLondon:
300 _a234p
650 _aEnglish Drama
942 _cBK
_2ddc
_h822.1208
_iLIT/S
_k822.1208
_mLIT/S
999 _c11705
_d11705